Datum a čas kvízu
29
Celkem bodů
Celkový počet nahraných bodů na tomto kvízu bez doplňovacích otázek.
4.
Pořadí na kvízu
Konečné umístění týmu na tomto kvízu.
Zaznamenané odpovědi
| # | Otázka | Odpověď | Body | Výsledky |
|---|---|---|---|---|
| 2. | Který významný den jsme mohli... | B | 0 | |
| 3. | Herecká asociace oznámila jmén... | Dana Syslová | 1 | |
| 4. | Kim Kardashian minulý týden př... | Jsou chlupaté. | 1 | |
| 5. | Půl bodu získáte za jméno vítě... | Kalle Rovanperä, finská | 0 | |
| 1. | Minulý čtvrtek byl na několik... | Metrouš | 0 | |
| 6. | Asijská poušť Karakum, uprostř... | Turkmenistán | 0 | |
| 7. | Uveďte, kterým čtyřpísmenným p... | vádí | 1 | |
| 8. | Vyberte, se kterým živočichem... | B | 1 | |
| 9. | Vojáci Československého pěšího... | Tobruk | 1 | |
| 10. | Britský umělec Gordon Sumner s... | Sting | 1 |